Multimodal learning for the 21st century adolescent / (Record no. 6723)
[ view plain ]
| 000 -LEADER | |
|---|---|
| fixed length control field | 01357cam a2200397 a 4500 |
| 001 - CONTROL NUMBER | |
| control field | 17257420 |
| 003 - CONTROL NUMBER IDENTIFIER | |
| control field | OSt |
| 005 - DATE AND TIME OF LATEST TRANSACTION | |
| control field | 20140310181915.0 |
| 008 - FIXED-LENGTH DATA ELEMENTS--GENERAL INFORMATION | |
| fixed length control field | 120416s2010 caua f b 000 0 eng d |
| 010 ## - LIBRARY OF CONGRESS CONTROL NUMBER | |
| LC control number | 2011278118 |
| 020 ## - INTERNATIONAL STANDARD BOOK NUMBER | |
| International Standard Book Number | 9781425805173 |
| 020 ## - INTERNATIONAL STANDARD BOOK NUMBER | |
| International Standard Book Number | 1425805175 |
| 035 ## - SYSTEM CONTROL NUMBER | |
| System control number | (OCoLC)ocn535493795 |
| 040 ## - CATALOGING SOURCE | |
| Original cataloging agency | BTCTA |
| Language of cataloging | eng |
| Transcribing agency | BTCTA |
| Modifying agency | BKX |
| -- | DLC |
| 042 ## - AUTHENTICATION CODE | |
| Authentication code | lccopycat |
| 050 00 - LIBRARY OF CONGRESS CALL NUMBER | |
| Classification number | LB1 060 |
| Item number | .B367 2010 |
| 082 04 - DEWEY DECIMAL CLASSIFICATION NUMBER | |
| Classification number | TR 370.152 |
| -- | 22 |
| Item number | B367 2010 |
| 100 1# - MAIN ENTRY--PERSONAL NAME | |
| Personal name | Bean, Thomas W. |
| 9 (RLIN) | 764 |
| 245 10 - TITLE STATEMENT | |
| Title | Multimodal learning for the 21st century adolescent / |
| Statement of responsibility, etc | author Thomas Bean ; foreword by Donna E. Alvermann. |
| 246 3# - VARYING FORM OF TITLE | |
| Title proper/short title | Multimodal learning for the twenty first century adolescent |
| 260 ## - PUBLICATION, DISTRIBUTION, ETC. (IMPRINT) | |
| Place of publication, distribution, etc | Huntington Beach, CA : |
| Name of publisher, distributor, etc | Shell Education, |
| Date of publication, distribution, etc | c 2010. |
| 300 ## - PHYSICAL DESCRIPTION | |
| Extent | 136 p. : |
| Other physical details | ill. ; |
| Dimensions | 24 cm. |
| 500 ## - GENERAL NOTE | |
| General note | "SEP 50517"--Cover. |
| 504 ## - BIBLIOGRAPHY, ETC. NOTE | |
| Bibliography, etc | Includes bibliographical references (p. 123-136). |
| 520 ## - SUMMARY, ETC. | |
| Summary, etc | 1. Learning 2. Multiple intelligences 3. Cognitive styles 4. Teaching |
| 521 ## - TARGET AUDIENCE NOTE | |
| Target audience note | |
| 541 ## - IMMEDIATE SOURCE OF ACQUISITION NOTE | |
| -- | 1 |
| 562 ## - COPY AND VERSION IDENTIFICATION NOTE | |
| Number of copies | 1 |
| 650 #0 - SUBJECT ADDED ENTRY--TOPICAL TERM | |
| Topical term or geographic name as entry element | Learning. |
| 9 (RLIN) | 53 |
| 650 #0 - SUBJECT ADDED ENTRY--TOPICAL TERM | |
| Topical term or geographic name as entry element | Multiple intelligences. |
| 9 (RLIN) | 765 |
| 650 #0 - SUBJECT ADDED ENTRY--TOPICAL TERM | |
| Topical term or geographic name as entry element | Cognitive styles. |
| 9 (RLIN) | 766 |
| 650 #0 - SUBJECT ADDED ENTRY--TOPICAL TERM | |
| Topical term or geographic name as entry element | Teaching. |
| 9 (RLIN) | 73 |
| 906 ## - LOCAL DATA ELEMENT F, LDF (RLIN) | |
| a | 7 |
| b | cbc |
| c | copycat |
| d | 2 |
| e | ncip |
| f | 20 |
| g | y-gencatlg |
| 942 ## - ADDED ENTRY ELEMENTS (KOHA) | |
| Source of classification or shelving scheme | Library of Congress Classification |
| Koha item type | |
| Call number prefix | |
| Withdrawn status | Lost status | Source of classification or shelving scheme | Damaged status | Home library | Current library | Shelving location | Date acquired | Total Checkouts | Full call number | Barcode | Date last seen | Copy number | Price effective from | Koha item type |
|---|---|---|---|---|---|---|---|---|---|---|---|---|---|---|
| Library of Congress Classification | Luxembourg Library | Luxembourg Library | Teachers Reference Section | 07/16/2013 | LB 1060 .B367 2010 | 19377 | 08/13/2013 | 1 | 07/16/2013 | Books |